| 000 | 00345nam a2200109Ia 4500 | ||
|---|---|---|---|
| 008 | 230907s9999||||xx |||||||||||||| ||und|| | ||
| 082 |
_a355 _bTHO |
||
| 245 | 0 | _aRules of engagement in hybrid warfare integrated into operational design / | |
| 260 |
_aAir Command and Staff College, _bMaxwell AFB, Alabama. : _c2010 |
||
| 300 | _a29 p. | ||
| 942 | _cBK | ||
| 999 |
_c599379 _d599379 |
||